000 01035nam a22003137a 4500
001 BR7602532
003 BR-BrBNA
005 20230928084950.0
007 ta
008 230509b bl.||||| |||| 00| 0 por d
040 _aBR-BrBNA
_bpor
_cBiblioteca Nacional de Agricultura
041 _a(Por)
072 _aF00
_b1540
_b0230
_b/G514
090 _ 1540 BR7602532
100 1 _aBorssatto, I.
100 1 _aRocha, J.A.M.
110 1 _aComissao Estadual de Planejamento Agricola, Porto Alegre, RS (Brasil). Unidade de Economia Agricola
_92058
245 1 _aPossibilidades de expansao das culturas potencialmente energeticas: mandioca e cana de acucar [Manihot esculenta; Saccharum spp; Rio Grande do Sul; Brasil]
260 3 _aPorto Alegre, RS (Brasil):
_c1976.
300 _a109 p.
500 _a21 tables; 10 illus.
650 _aProducao vegetal
650 _aMandioca
650 _aCana de acucar
650 _aPratica cultural
650 _aRio Grande do Sul
909 _a202309
_bLucia
_c55
_dLucia Elande
942 _cBK
999 _c22148
_d22148